Normal view
MARC view
- Shakeel, Shabnam
Entry Personal Name
001 - CONTROL NUMBER
- control field: 14668
003 - CONTROL NUMBER IDENTIFIER
- control field: NUST
005 - DATE AND TIME OF LATEST TRANSACTION
- control field: 20190531042843.0
008 - FIXED-LENGTH DATA ELEMENTS
- fixed length control field: 190531|| aca||aabn | a|a d
040 ## - CATALOGING SOURCE
- Original cataloging agency: NUST
- Transcribing agency: NUST
100 ## - HEADING--PERSONAL NAME
- Personal name: Shakeel, Shabnam
670 ## - SOURCE DATA FOUND
- Source citation: Work cat.: (NUST): Shakeel, Shabnam, Khwateen ki Sheri mein Aurato kay Masayal ki Tasvir Kasi /, 2005.
